000 00255nam a2200109Ia 4500
008 240625s9999 xx 000 0 und d
041 _aeng
100 _aDISCOVERY CHANNEL
245 _aSKYSCRAPERS ART AND ARCHITECTURE
260 _c2005
365 _cRS
_b20
999 _c33978
_d33978